000 005380000a22001810004500
003 MACL
005 20160427103151.0
008 160427b xxu||||| |||| 00| 0 eng d
040 _aMACL
_cmacl
041 _aHindi
082 _a800 SHA
100 _a त्रिवेदी सुशील
_948030
245 _aशरत़ रचनावली
260 _bसन्‍मार्ग प्रकाशन
_c1997
_aनई दिल्‍ली
350 _a400
650 _aLiterature
_954186
942 _cHIN
_k800/SHA/L
_2ddc
999 _c11111
_d11111